000 02062cam a22004454i 4500
003 PE-LiUPU
005 20250731184603.0
008 150616s r 000 0 d
035 _a(Sirsi) a5391
040 _aPE-LiUPU
_bspa
_cPE-LiUPU
_erda
049 _aPRUA
082 0 4 _a985
_bV297h
_223
100 1 _aGuerra, Margarita,
_eautor.
245 1 0 _aHistoria general del Perú :
_bLa república aristocrática /
_cMargarita Guerra.
250 _aPrimera edición
264 1 _aLima :
_bMilla Batres,
_c1984.
300 _a343 páginas :
_bilustraciones ;
_c25 centímetros.
336 _atext
_2rdacontent
337 _aunmediated
_2rdamedia
338 _avolume
_2rdacarrier
505 0 _aLa herencia del siglo XIX (1883-1899) -- La primera guerra civil después del conflicto con Chile -- Los gobiernos militares y el ocaso del héroe de La Breña -- La segunda guerra civil y el triunfo de Piérola -- Evolución política del Perú (1883-1899) -- Formación de la nueva sociedad peruana -- Aspectos administrativos de gobierno y descentralismo -- Cultura y progreso -- El Perú a comienzos del siglo XX (1900-1919) -- Los inicios del segundo civilismo -- De Manuel Candamo a José Pardo -- De Leguía a Billinghurst (1908-1914) -- Inicios del militarismo en el siglo XX y la vuelta a la constitucionalidad -- Aspectos económicos (1900-1919) -- La sociedad peruana de comienzos del siglo XX -- Política internacional y otros aspectos del Perú entre 1900-1919.
526 _aP136
526 _aP135
526 _aP134
526 _aP133
526 _aP144
526 _aP143
526 _aP87
526 _aP35
526 _aP20
526 _aP14
526 _aP10
526 _aP06
650 1 4 _aPerú
_xHistoria
_yRepública, 1825-.
910 _ajck
942 _2ddc
_cBK
949 _a985 V297h 11
_wDEWEY
_c1
_i23911
_lCCODEBUL1
_mBUL
_p00.00
_r0
_sY
_tBOOK
_u2015-04-23
_xEDUCACION
_0COMPRA
_o.STAFF. Colección General
980 _81
_gALBERTO SANCHEZ Responsable de Automatización
999 _c56414
_d56414